| 000 | 00696nam a2200229 4500 | ||
|---|---|---|---|
| 003 | OSt | ||
| 005 | 20240626075324.0 | ||
| 006 | a | ||
| 008 | 240626b |||||||| |||| 00| 0 eng d | ||
| 020 | _a9789715132503 | ||
| 040 |
_aDWCL-Main lib. _cOC |
||
| 082 |
_2Third edition _aFil. 160 Ar676l 2008 |
||
| 100 | _aArdales, Venancio B. | ||
| 245 | _aLogic towards critical thinking and reasoning / | ||
| 250 | _aThird edition | ||
| 260 |
_aManila : _bEducational Pub. House, _cc2008. |
||
| 300 |
_b267 p. : ill. ; _c23 cm. |
||
| 504 | _aInclude bibliographical references and index. | ||
| 650 | _a1. Logic. | ||
| 650 | _a2. Critical thinking. | ||
| 942 |
_2ddc _n0 _cBK - FIL _eThird edition _kFil. |
||
| 999 |
_c1418 _d1418 |
||